000 00259nam a2200109Ia 4500
008 190216s9999||||xx |||||||||||||| ||und||
100 _aMohan P
245 0 _aManagement Information Systems
260 _bSulthan Chand&Sons
_c2003
300 _a340p
942 _cBK
999 _c6507
_d6507